Vrais noms des rappeurs français #2 - Statistiques

Statistiques générales
  • Ce quiz a été pris 67 fois
  • Le résultat moyen est 5 sur 20
Statistiques - réponses
Hint Réponse % Correct
William Mwamba Damso
71%
William Nzobazola Ninho
63%
Mélanie Georgiades Diams
56%
Mathieu Pruski PLK
56%
Laouni Mouhid La Fouine
44%
Housni Mkouboi Rohff
33%
Wanani Gradi Mariadi Gradur
30%
Vanessa Lesnicki Shay
29%
Jérémy Bana Owona Werenoi
29%
Younes Latifi Mister You
25%
Ibrahima Diakité Gazo
21%
Alix Mathurin Kery James
14%
Atef Kahlaoui Alkpote
11%
Fabien Marsaud Grand corps malade
10%
Nicolas Salvadori Seth Gueko
8%
Samir Djoghlal L'Algerino
3%
Bachir Baccour Tunisiano
3%
Sylvain Hagopian Casus Belli
2%
Karim Djeriou Heuss l'enfoiré
2%
Albert Tjamag Menelik
0%
Aucun quiz correspondant
Distribution des résultats
% des personnes avec chaque résultat
Percentile par nombre de réponses
Votre historique - résultats
Vous n’avez pas pris ce quiz